[Event "US Open-113"]
[Site "Vancouver"]
[Date "2012.08.07"]
[Round "4"]
[White "Wong, Nicholas"]
[Black "Roland, Jeffrey"]
[Result "1/2-1/2"]
[WhiteElo "580"]
[BlackElo "1700"]
[PlyCount "52"]
[EventDate "2012.08.04"]
[EventType "swiss"]
[EventRounds "9"]
[EventCountry "USA"]
[SourceTitle "CBM 149 Extra"]
[Source "ChessBase"]
[SourceDate "2012.08.24"]
[SourceVersion "1"]
[SourceVersionDate "2012.08.24"]
[SourceQuality "1"]

1. g3 Nf6 2. Bg2 g6 3. c4 Bg7 4. Nc3 c6 5. Nf3 0-0 6. 0-0 d5 7. cxd5 cxd5 8. d3 Nc6 9. Bg5 h6 10. Bxf6 Bxf6 11. e4 e6 12. Qd2 Kh7 13. Rae1 d4 14. Nb5 e5 15. Qc2 Be6 16. Nd2 Be7 17. f4 a6 18. Na3 Rc8 19. Nb3 Nb4 20. Qb1 exf4 21. gxf4 Bh4 22. Rd1 Bg4 23. Bf3 Bh3 24. Bg2 Bg4 25. Bf3 Bh3 26. Bg2 Bg4 1/2-1/2